Oxford advanced learner's dictionary of current English / (Record no. 8544)

MARC details
000 -LEADER
fixed length control field 02039cam a2200433 i 4500
001 - CONTROL NUMBER
control field 8544
003 - CONTROL NUMBER IDENTIFIER
control field FISKH
005 - DATE AND TIME OF LATEST TRANSACTION
control field 20250918160515.0
008 - FIXED-LENGTH DATA ELEMENTS--GENERAL INFORMATION
fixed length control field 151001s2015 enkab d 000 0 eng
010 ## - LIBRARY OF CONGRESS CONTROL NUMBER
LC control number 2014397317
020 ## - INTERNATIONAL STANDARD BOOK NUMBER
International Standard Book Number 9780194798792
Qualifying information paperback/online/DVD pack
020 ## - INTERNATIONAL STANDARD BOOK NUMBER
International Standard Book Number 0194798798
Qualifying information paperback/online/DVD pack
020 ## - INTERNATIONAL STANDARD BOOK NUMBER
International Standard Book Number 9780194799591
Qualifying information DVD
020 ## - INTERNATIONAL STANDARD BOOK NUMBER
International Standard Book Number 019479959X
Qualifying information DVD
020 ## - INTERNATIONAL STANDARD BOOK NUMBER
International Standard Book Number 9780194798860
Qualifying information paperback
020 ## - INTERNATIONAL STANDARD BOOK NUMBER
International Standard Book Number 0194798860
Qualifying information paperback
040 ## - CATALOGING SOURCE
Original cataloging agency DLC
Language of cataloging eng
Description conventions rda
Transcribing agency DLC
Modifying agency DLC
050 ## - LIBRARY OF CONGRESS CALL NUMBER
Classification number PE1628
082 ## - DEWEY DECIMAL CLASSIFICATION NUMBER
Classification number 423
100 ## - MAIN ENTRY--PERSONAL NAME
Personal name Deuter, Margaret
245 00 - TITLE STATEMENT
Title Oxford advanced learner's dictionary of current English /
Statement of responsibility, etc. A.S. Hornby ; managing editors Margaret Deuter, Jennifer Bradbury, Joanna Turnbull ; editors Leonie Hey, Susanne Holloway ; Speaking Tutor Mark Hancock ; Phonetics Editor Michael Ashby.
260 ## - PUBLICATION, DISTRIBUTION, ETC.
Place of publication, distribution, etc. New York :
Name of publisher, distributor, etc. Oxford University Press,
Date of publication, distribution, etc. 2015
300 ## - PHYSICAL DESCRIPTION
Extent xii, 1820, WT30, ST10, V56, R31 :
Other physical details color illustrations, color maps ;
Dimensions 24 cm +
Accompanying material 1 DVD-ROM (4 3/4 in.)
500 ## - GENERAL NOTE
General note "with new iSpeaker, iWriter on DVD and online"--Cover.
500 ## - GENERAL NOTE
General note Includes Speaking Tutor. Writing Tutor and Language Banks, offering models, analysis and tips on communicating at work, in exams, or in daily life.
520 ## - SUMMARY, ETC.
Summary, etc. Includes Speaking Tutor. Writing Tutor and Language Banks, offering models, analysis and tips on communicating at work, in exams, or in daily life.
538 ## - SYSTEM DETAILS NOTE
System details note System requirements: Windows 7, Windows 8. Macintosh OSX 10.4 - 10.10
650 #0 - SUBJECT ADDED ENTRY--TOPICAL TERM
Topical term or geographic name entry element English language
Form subdivision Dictionaries.
650 #0 - SUBJECT ADDED ENTRY--TOPICAL TERM
Topical term or geographic name entry element English language
General subdivision New words
Form subdivision Dictionaries.
655 #7 - INDEX TERM--GENRE/FORM
Genre/form data or focus term Dictionaries.
Source of term lcgft
Authority record control number or standard number https://id.loc.gov/authorities/genreForms/gf2014026086
700 1# - ADDED ENTRY--PERSONAL NAME
Personal name Hornby, Albert Sydney,
Relator term creator.
700 1# - ADDED ENTRY--PERSONAL NAME
Personal name Deuter, Margaret,
Relator term editor.
700 1# - ADDED ENTRY--PERSONAL NAME
Personal name Turnbull, Joanna,
Relator term editor.
700 1# - ADDED ENTRY--PERSONAL NAME
Personal name Bradbury, Jennifer
Titles and other words associated with a name (Managing editor)
Relator term editor.
710 2# - ADDED ENTRY--CORPORATE NAME
Corporate name or jurisdiction name as entry element Oxford University Press.
906 ## - LOCAL DATA ELEMENT F, LDF (RLIN)
a 7
b cbc
c origres
d 2
e ncip
f 20
g y-gencatlg
942 ## - ADDED ENTRY ELEMENTS (KOHA)
Source of classification or shelving scheme Dewey Decimal Classification
Koha item type Books
Suppress in OPAC No
Holdings
Withdrawn status Lost status Source of classification or shelving scheme Damaged status Not for loan Collection Home library Current library Shelving location Date acquired Total Checkouts Full call number Barcode Date last seen Copy number Price effective from Koha item type
    Dewey Decimal Classification     Reference Footprints International School Library Network Toul Kork Campus Footprints International School Library Network Toul Kork Campus Librarian's Shelf TK 09/18/2025   HOR 423 PE1628 2025-4429 09/18/2025 1 09/18/2025 Books